| 000 | 00703nam a2200265 i 4500 | ||
|---|---|---|---|
| 001 | 2331 | ||
| 003 | BD-RjUL | ||
| 005 | 20211208233527.0 | ||
| 008 | 131211s1976 enka b 001 0 eng d | ||
| 020 | _a0860030121 : | ||
| 035 | _a(BD-RjUL)2358 | ||
| 040 |
_aDLC _cDLC _dDLC _d(BD-RjUL) _beng |
||
| 041 | _aeng | ||
| 082 | 0 | 0 |
_a330.0182 _bDEA |
| 100 | 1 |
_aDesai, Meghnad. _97553 |
|
| 245 | 1 | 0 |
_aApplied econometrics / _c[by] Meghnad Desai. |
| 260 |
_aOxford : _bP. Allan, _c1976. |
||
| 300 |
_ax, 272 p. : _bill. ; _c23 cm. |
||
| 500 | _aIncludes index. | ||
| 504 | _aBibliography: p. 269-275. | ||
| 650 | 0 |
_aEconometrics. _97554 |
|
| 942 |
_2ddc _cBK |
||
| 999 |
_c2331 _d2331 |
||